• 首页
  • 本馆介绍
  • 公告通知
  • 最新文献
  • 馆藏检索
  • 电子资源
  • 读者导购
  • 参考咨询
  • 我的图书馆
  • 登录
  • 详细信息显示
  • 放入我的书架
  • 预约/预借图书
  • 作者相关作品
  • 分类相关作品
  • 丛书相关作品
  • 出版社相关作品

书目信息

  • 表格格式
  • 工作单格式
  • 卡片格式
题名:
执行力组织
    
 
作者: 高福进 著
分册:  
出版信息: 上海   上海人民出版社  
页数: 193页
开本: 20cm
丛书名:
单 册:
中图分类: G249.275.1
科图分类:
主题词: 群众文化--文化事业
电子资源:
ISBN: 7-208-03960-7
000 00630nam0 2200205 450
001 0758428234
005 20070124161609.10
010    @a7-208-03960-7@dCNY14.40
100    @a20070124d km y0chiy0120 ea
101 0  @achi
102    @aCN@b310000
200 1  @a执行力组织@Azhi xing li zu zhi@e近代上海的文化娱乐业@f高福进著@Fgao fu jin zhu
210    @a上海@c上海人民出版社
215    @a193页@d20cm
517 1  @a近代上海的文化娱乐业@Ajin dai shang hai de wen hua yu le ye
606 0  @a群众文化@x文化事业
690    @aG249.275.1@v3
701  0 @a高福进@Agao fu jin@4著
801  0 @aCN@bPFT@c20070124
905    @a10447@dG249.275.1@e7
    
    执行力组织:近代上海的文化娱乐业/高福进著.-上海:上海人民出版社
    193页;20cm
    
    
    ISBN 7-208-03960-7:CNY14.40
    
●
相关链接 在E读中查询图书 在五车中查询图书 在当当中查询图书 在豆瓣中查询图书


正题名:执行力组织     索取号:G249.275.1/7         预约/预借

序号 登录号 条形码 馆藏地/架位号 状态 备注
1 0504618   205046181   第一样本阅览室/ [索取号:G249.275.1/7] 在馆    
2 0504619   205046190   第四借阅区/ [索取号:G249.275.1/7] 在馆    
3 0504620   205046207   第四借阅区/ [索取号:G249.275.1/7] 在馆    
4 0504621   205046216   第四借阅区/ [索取号:G249.275.1/7] 在馆    
5 0504622   205046225   第四借阅区/ [索取号:G249.275.1/7] 在馆    
6 0504623   205046234   第四借阅区/ [索取号:G249.275.1/7] 在馆    
7 0504624   205046243   第四借阅区/ [索取号:G249.275.1/7] 在馆    
8 0504625   205046252   第四借阅区/ [索取号:G249.275.1/7] 在馆    
唐山师范学院图书馆 欢迎您!
大连网信软件有限公司© 版权所有